Statistics for Name the 8 planets (In order)

Click here to take the quiz!

General Stats

  • This quiz has been taken 13 times
  • The average score is 7 of 8

Answer Stats

#Answer% Correct
3Earth
100%
4Mars
100%
1Mercury
100%
2Venus
100%
5Jupiter
89%
6Saturn
67%
7Uranus
67%
8Neptune
56%

Score Distribution

Percentile by Number Answered

Percent of People with Each Score

Your Score History

You have not taken this quiz